Das gläserne Zeitalter /

Hlavní autor: Weill, Kurt, 1900-1950
Jazyk: Němčina
Vydáno: Wien : Fischer, 1931
Vydání: 1. Aufl.
Fyzický popis: 51 s.
Knihy
Uloženo v:
LEADER 00580nam a22002052a 4500
001 001096876
003 CZ BrMZK
005 20100802135229.0
007 ta
008 100517s1931 au er|||||||||||ger d
040 |a BOA001  |b cze 
100 1 |a Weill, Kurt,  |d 1900-1950  |7 jn20000701946  |4 aut 
245 1 4 |a Das gläserne Zeitalter /  |c Erwin Weill 
250 |a 1. Aufl. 
260 |a Wien :  |b Fischer,  |c 1931 
300 |a 51 s. 
910 |a BOA001  |b 1-0253.504 
990 |a BK 
991 |b 201005 
996 7 |b 2619704265  |c 1-0253.504  |l MZK  |r Sklad / do 1 hodiny  |n 0  |w 001122779  |u 000010  |a 1  |e BOA001  |j MZK50  |s A